[Event "Kandidatklassen 2003"]
[Site "Horsens"]
[Date "2003.04.15"]
[Round "1"]
[White "Skjoldborg, Jesper"]
[Black "Rasmussen, Casper Dahl"]
[Result "0-1"]
[WhiteElo "2253"]
[BlackElo "2318"]
[PlyCount "62"]
[EventDate "2003.??.??"]

1. e4 c5 2. Nf3 e6 3. c3 Nf6 4. e5 Nd5 5. d4 cxd4 6. cxd4 b6 7. Nc3 Nxc3 8.
bxc3 Qc7 9. Bd2 d6 10. Bd3 Nd7 11. Ng5 Bb7 12. O-O dxe5 13. Qh5 g6 14. Qh3 Be7
15. Rfe1 Bxg5 16. Bxg5 e4 17. Qh6 f6 18. Bxe4 O-O-O 19. Bh4 Rde8 20. Bg3 e5 21.
f4 Bxe4 22. fxe5 Qc6 23. c4 f5 24. Qf4 g5 25. Qxg5 Rhg8 26. Qd2 h5 27. Re2 Rg4
28. d5 Qc5+ 29. Bf2 Rxg2+ 30. Kf1 Rxf2+ 31. Rxf2 Nxe5 0-1

[Event "Kandidatklassen 2003"]
[Site "Horsens"]
[Date "2003.04.15"]
[Round "1"]
[White "Rasmussen, Allan Stig"]
[Black "Skjoldager, Per"]
[Result "1-0"]
[WhiteElo "2356"]
[BlackElo "2213"]
[PlyCount "49"]
[EventDate "2003.??.??"]

1. e4 c6 2. d4 d5 3. e5 Bf5 4. Nc3 e6 5. g4 Bg6 6. Nge2 c5 7. h4 cxd4 8. Nxd4
h5 9. f4 hxg4 10. Bb5+ Nd7 11. f5 Rxh4 12. Rf1 Rh5 13. fxg6 Rxe5+ 14. Nce2 Qh4+
15. Kd2 Qh6+ 16. Nf4 Re4 17. Kc3 e5 18. Bxd7+ Kxd7 19. Qxg4+ Kc7 20. Nxd5+ Kd8
21. Ne6+ fxe6 22. Rxf8+ Kd7 23. Qxe4 Qh3+ 24. Rf3 Rc8+ 25. Kb3 1-0

[Event "Kandidatklassen 2003"]
[Site "Horsens"]
[Date "2003.04.15"]
[Round "1"]
[White "Moller, Morten Kock"]
[Black "Pedersen, Erik"]
[Result "0-1"]
[WhiteElo "2035"]
[BlackElo "2400"]
[PlyCount "96"]
[EventDate "2003.??.??"]

1. e4 c5 2. c3 g6 3. d4 Qa5 4. dxc5 Qxc5 5. Be3 Qc6 6. f3 Bg7 7. Ne2 Qc7 8. Na3
Nc6 9. Nb5 Qd8 10. Nf4 Nf6 11. Nd5 O-O 12. Nbc7 Nxd5 13. Nxd5 e6 14. Nf4 Qc7
15. Qd2 d6 16. Be2 b6 17. O-O Bb7 18. c4 Rad8 19. Rac1 Qe7 20. b4 Qf6 21. Nd3
Qe7 22. Nf4 Rfe8 23. Rfd1 Qf6 24. Nd3 d5 25. Bg5 Qd4+ 26. Be3 Qxe3+ 27. Qxe3
Bd4 28. Kf2 Bxe3+ 29. Kxe3 dxe4 30. fxe4 Nd4 31. Bf3 f6 32. b5 e5 33. c5 Nxb5
34. c6 Bc8 35. Nb4 Nd4 36. Nd5 Rd6 37. c7 Kf7 38. Rd3 Be6 39. Ra3 a5 40. Rac3
Rc8 41. Be2 Nxe2 42. Kxe2 Bxd5 43. exd5 Rxd5 44. Rc6 Rd7 45. g4 Ke7 46. g5 fxg5
47. Ke3 Rd6 48. Ke4 Ke6 0-1

[Event "Kandidatklassen 2003"]
[Site "Horsens"]
[Date "2003.04.15"]
[Round "1"]
[White "Nielsen, Anders Bodholt"]
[Black "Christensen, Bo Garner"]
[Result "0-1"]
[WhiteElo "2144"]
[BlackElo "2284"]
[PlyCount "86"]
[EventDate "2003.??.??"]

1. d4 Nf6 2. c4 e6 3. Nf3 b6 4. g3 Ba6 5. Nbd2 Be7 6. Bg2 d5 7. Ne5 O-O 8. O-O
c6 9. b3 Nfd7 10. Nd3 f5 11. Bb2 Nf6 12. Rc1 Ne4 13. Nf3 Nd7 14. Rc2 Rc8 15.
Qc1 dxc4 16. bxc4 Bf6 17. Rd1 Qe8 18. Nd2 Ng5 19. e4 e5 20. exf5 exd4 21. Re1
Qd8 22. Nf4 Nc5 23. Nb3 Nxb3 24. axb3 Re8 25. h4 Nf7 26. Ne6 Qd7 27. Rd2 c5 28.
Qa1 Bb7 29. Qxa7 Rc6 30. Qa4 g6 31. Rdd1 Nd6 32. fxg6 Ra8 33. gxh7+ Kh8 34.
Bxc6 Bxc6 35. Qxa8+ Bxa8 36. Nf4 Qg4 37. Ra1 Qf3 38. Nd5 Bxd5 39. cxd5 Ne4 40.
Rf1 Kxh7 41. Bc1 d3 42. Ra2 Nxg3 43. fxg3 Bd4+ 0-1

[Event "Kandidatklassen 2003"]
[Site "Horsens"]
[Date "2003.04.15"]
[Round "1"]
[White "Holst, Allan"]
[Black "Bindzus, Niels"]
[Result "1-0"]
[WhiteElo "2348"]
[BlackElo "2013"]
[PlyCount "69"]
[EventDate "2003.??.??"]

1. e4 c5 2. Nf3 d6 3. d4 cxd4 4. Nxd4 Nf6 5. Nc3 a6 6. Be2 e6 7. O-O Be7 8. a4
b6 9. f4 Bb7 10. Bf3 Qc7 11. Kh1 Nc6 12. Nde2 O-O 13. Be3 Rad8 14. Qe1 Na5 15.
Rd1 Nc4 16. Bc1 Rfe8 17. b3 Na5 18. Bb2 Bf8 19. Qh4 d5 20. exd5 exd5 21. Nd4
Ne4 22. Nce2 Nc6 23. Nf5 Bc8 24. Nh6+ Kh8 25. Qh5 Nd6 26. Bxd5 Be6 27. Bxe6
Rxe6 28. f5 Re7 29. f6 Rxe2 30. fxg7+ Bxg7 31. Bxg7+ Kxg7 32. Qg5+ Kf8 33. Qg8+
Ke7 34. Rxf7+ Ke6 35. Qg4+ 1-0

[Event "Kandidatklassen 2003"]
[Site "Horsens"]
[Date "2003.04.15"]
[Round "1"]
[White "Pedersen, Christian Kyndel"]
[Black "Leimand, Peter Martin"]
[Result "1-0"]
[WhiteElo "2249"]
[BlackElo "2029"]
[PlyCount "77"]
[EventDate "2003.??.??"]

1. d4 d5 2. c4 e6 3. Nc3 c6 4. e4 Nf6 5. e5 Nfd7 6. Nf3 Be7 7. Bd3 b6 8. O-O
Bb7 9. Re1 Na6 10. cxd5 cxd5 11. a3 Nc7 12. Bf4 a6 13. Qc2 h6 14. Rac1 Rc8 15.
Qe2 b5 16. Nd2 Nb6 17. Nb3 Nc4 18. Nc5 Bxc5 19. dxc5 Na8 20. Nb1 g5 21. Bg3 Qe7
22. b3 Na5 23. Nd2 Kd7 24. Bxb5+ axb5 25. Qxb5+ Bc6 26. Qxa5 Nc7 27. a4 h5 28.
f3 Rcg8 29. Red1 Ra8 30. Qc3 Kc8 31. h3 Rg8 32. Qd3 Kb7 33. Qd4 Rg6 34. Nf1 Na6
35. Ne3 Kc7 36. Be1 Rb8 37. Ba5+ Kc8 38. Bb6 Qd7 39. Nc4 1-0

[Event "Kandidatklassen 2003"]
[Site "Horsens"]
[Date "2003.04.15"]
[Round "1"]
[White "Glud, Jakob Vang"]
[Black "Pedersen, Daniel Vesterbaek"]
[Result "0-1"]
[WhiteElo "2176"]
[BlackElo "2357"]
[PlyCount "132"]
[EventDate "2003.??.??"]

1. e4 e5 2. Nf3 Nc6 3. Bc4 Nf6 4. d3 Bc5 5. O-O d6 6. c3 Bb6 7. Bb3 O-O 8. Nbd2
a6 9. a4 Ba7 10. Nc4 Ne7 11. Be3 Ng6 12. Qd2 Bg4 13. Ne1 Be6 14. Bxa7 Rxa7 15.
Qe3 Ra8 16. Nd2 Bxb3 17. Nxb3 c5 18. a5 b5 19. axb6 Qxb6 20. Ra3 a5 21. Nd2
Qxb2 22. Nc4 Qb8 23. Rxa5 Rxa5 24. Nxa5 Qb2 25. Nc4 Qxc3 26. Nxd6 Rb8 27. Nc4
Rb1 28. Qd2 Nxe4 29. dxe4 Qxc4 30. Qd8+ Nf8 31. Qd3 Rc1 32. Qxc4 Rxc4 33. Nd3
f6 34. Rb1 Ne6 35. f3 Rc3 36. Nf2 Kf7 37. Nd1 Rd3 38. Kf1 Ke7 39. Rc1 Kd7 40.
Nc3 Kc6 41. Nd5 Rb3 42. Ra1 Kb5 43. Ra7 c4 44. Re7 Nc5 45. Rxg7 c3 46. Nxc3+
Rxc3 47. Rxh7 Kc4 48. Rf7 Kd4 49. Kf2 Rc2+ 50. Kg3 Nd3 51. Rxf6 Nf4 52. Kg4
Rxg2+ 53. Kf5 Rxh2 54. Rd6+ Kc5 55. Rd8 Rh5+ 56. Kg4 Kc4 57. Rc8+ Kd4 58. Rd8+
Kc5 59. Rd7 Rh8 60. Kf5 Re8 61. Kf6 Kc4 62. Kf7 Rc8 63. Kf6 Nd3 64. Rxd3 Kxd3
65. Kxe5 Ke3 66. Kf6 Kxf3 0-1

[Event "Kandidatklassen 2003"]
[Site "Horsens"]
[Date "2003.04.15"]
[Round "1"]
[White "Boe, Mads"]
[Black "Borbjerggaard, Lars"]
[Result "1-0"]
[WhiteElo "2382"]
[BlackElo "2407"]
[PlyCount "47"]
[EventDate "2003.??.??"]

1. e4 c6 2. d4 d5 3. exd5 cxd5 4. c4 Nf6 5. Nc3 e6 6. Nf3 Be7 7. cxd5 Nxd5 8.
Bd3 O-O 9. O-O b6 10. Nxd5 exd5 11. Bf4 Ba6 12. Rc1 Bd6 13. Bg3 Bxg3 14. hxg3
Bxd3 15. Qxd3 Nd7 16. Rc6 Qe7 17. Qf5 Nf6 18. Re1 Qb4 19. a3 Qxb2 20. Rxf6 gxf6
21. Qxf6 h6 22. Nh4 Qd2 23. Nf5 Qg5 24. Nxh6+ 1-0

[Event "Kandidatklassen 2003"]
[Site "Horsens"]
[Date "2003.04.15"]
[Round "1"]
[White "Aabling Thomsen, Jakob"]
[Black "Pedersen, Jan"]
[Result "0-1"]
[WhiteElo "2122"]
[BlackElo "2417"]
[PlyCount "80"]
[EventDate "2003.??.??"]

1. e4 e6 2. d4 d5 3. Nc3 dxe4 4. Nxe4 Bd7 5. Bd3 Bc6 6. Nf3 Nd7 7. Qe2 Ngf6 8.
Bg5 Be7 9. O-O O-O 10. Rfe1 Nxe4 11. Bxe7 Qxe7 12. Bxe4 Bxe4 13. Qxe4 c6 14. a3
Rfd8 15. Rad1 Nf6 16. Qh4 c5 17. c4 Qc7 18. h3 a6 19. dxc5 Qxc5 20. b4 Qc7 21.
Ng5 Rd7 22. Ne4 Nxe4 23. Qxe4 Rad8 24. Qc2 h6 25. c5 Qc6 26. Rxd7 Qxd7 27. Rc1
Qd4 28. c6 bxc6 29. Qxc6 Qb2 30. Qc7 Rd2 31. Rc3 Rxf2 32. Qc8+ Kh7 33. Rg3 Qe2
34. Qc5 Rf1+ 35. Kh2 Qe1 36. Rxg7+ Kxg7 37. Qd4+ Kh7 38. Qd3+ Rf5 39. g4 Qf2+
40. Kh1 Qf3+ 0-1

[Event "Kandidatklassen 2003"]
[Site "Horsens"]
[Date "2003.04.16"]
[Round "2"]
[White "Skjoldager, Per"]
[Black "Moller, Morten Kock"]
[Result "0-1"]
[WhiteElo "2213"]
[BlackElo "2035"]
[PlyCount "66"]
[EventDate "2003.??.??"]

1. e4 e5 2. Bc4 Nf6 3. Nc3 Nc6 4. d3 Bb4 5. Nge2 d5 6. exd5 Nxd5 7. O-O Bxc3 8.
bxc3 O-O 9. Rb1 Bg4 10. f3 Bc8 11. a3 Nxc3 12. Nxc3 Qd4+ 13. Kh1 Qxc3 14. Bb2
Qa5 15. Qe1 Qc5 16. f4 Be6 17. Bxe6 fxe6 18. Qe2 Rf5 19. fxe5 Raf8 20. Rxf5
Rxf5 21. c4 Qf2 22. Qxf2 Rxf2 23. Bc3 Rc2 24. Ba1 Rd2 25. Kg1 Rxd3 26. Kf2 Rxa3
27. Rd1 Kf7 28. Ke2 Kg6 29. Bb2 Ra2 30. Rd2 Na5 31. Kd3 Nb3 32. Rf2 Nc5+ 33.
Kd4 Na4 0-1

[Event "Kandidatklassen 2003"]
[Site "Horsens"]
[Date "2003.04.16"]
[Round "2"]
[White "Christensen, Bo Garner"]
[Black "Pedersen, Erik"]
[Result "1-0"]
[WhiteElo "2284"]
[BlackElo "2400"]
[PlyCount "65"]
[EventDate "2003.??.??"]

1. e4 c5 2. Nf3 e6 3. c3 Qa5 4. Bd3 Nc6 5. O-O Nf6 6. Bc2 d5 7. e5 Nd7 8. d4
Be7 9. Nbd2 b5 10. a3 Qb6 11. Nb3 c4 12. Nbd2 a5 13. b3 cxb3 14. Nxb3 Ba6 15.
Re1 Rc8 16. Bg5 h6 17. Bxe7 Nxe7 18. Re3 Rc6 19. Rc1 b4 20. axb4 axb4 21. cxb4
Qxb4 22. Rb1 Qb8 23. Nc5 Qc7 24. Ba4 Nxc5 25. dxc5 O-O 26. Bxc6 Nxc6 27. Rb6
Bc4 28. Qb1 Ne7 29. Qb4 Rc8 30. Rb7 Qd8 31. Nd4 Qf8 32. Rf3 Qe8 33. h3 1-0

[Event "Kandidatklassen 2003"]
[Site "Horsens"]
[Date "2003.04.16"]
[Round "2"]
[White "Bindzus, Niels"]
[Black "Nielsen, Anders Bodholt"]
[Result "0-1"]
[WhiteElo "2013"]
[BlackElo "2144"]
[PlyCount "76"]
[EventDate "2003.??.??"]

1. e4 c5 2. Nf3 e6 3. d4 cxd4 4. Nxd4 Nf6 5. Bd3 Nc6 6. Nxc6 bxc6 7. O-O d5 8.
e5 Nd7 9. Qe2 Be7 10. b3 O-O 11. Bb2 Nc5 12. Ba3 a5 13. Nd2 a4 14. Qe3 Nxd3 15.
Bxe7 Qxe7 16. cxd3 Ba6 17. Rfc1 Bb5 18. d4 axb3 19. axb3 Ra3 20. Qc3 Rfa8 21.
Nf1 h6 22. Ne3 Rxa1 23. Rxa1 Rxa1+ 24. Qxa1 Qb4 25. Qd1 Qc3 26. h3 Bd3 27. Qg4
Qe1+ 28. Kh2 Qxf2 29. Qf3 Qd2 30. Ng4 Be4 31. Qf2 Qg5 32. Ne3 f6 33. h4 Qg6 34.
Qf4 fxe5 35. Qxe5 Qf6 36. Qh5 Qxd4 37. Qe8+ Kh7 38. Ng4 Bf5 0-1

[Event "Kandidatklassen 2003"]
[Site "Horsens"]
[Date "2003.04.16"]
[Round "2"]
[White "Leimand, Peter Martin"]
[Black "Glud, Jakob Vang"]
[Result "0-1"]
[WhiteElo "2029"]
[BlackElo "2176"]
[PlyCount "158"]
[EventDate "2003.??.??"]

1. e4 e6 2. d4 d5 3. Nc3 Nf6 4. Bg5 dxe4 5. Nxe4 Nbd7 6. Nf3 Be7 7. Nxf6+ Nxf6
8. Bd3 O-O 9. c3 b6 10. Qc2 h6 11. Bxf6 Bxf6 12. Bh7+ Kh8 13. Be4 Rb8 14. O-O
Qd6 15. Rfe1 Bd7 16. Rad1 Rfd8 17. Ne5 Be8 18. Bf3 c5 19. Ng4 Bg5 20. g3 cxd4
21. Rxd4 Qc7 22. Red1 b5 23. h4 Be7 24. Rxd8 Rxd8 25. Rxd8 Bxd8 26. Qe2 Be7 27.
Kg2 a5 28. Qe5 Bd6 29. Qe3 b4 30. cxb4 axb4 31. Qe2 Qa5 32. Qc4 Qb5 33. Qd4 Qc5
34. Qxc5 Bxc5 35. Ne5 Kg8 36. Nd3 Bd6 37. Be2 e5 38. f3 f5 39. Nf2 Bf7 40. b3
Kf8 41. Bd3 g6 42. h5 Kg7 43. Nd1 Kf6 44. hxg6 Bxg6 45. Nf2 h5 46. Kf1 Be8 47.
Ke2 Bc6 48. Bc2 Ke6 49. Bd3 Kf6 50. Bc2 Be7 51. Bd3 Bc5 52. Bc2 Bb5+ 53. Bd3
Bxf2 54. Bxb5 Bxg3 55. Ke3 Kg5 56. Bf1 Bf4+ 57. Kf2 Bd2 58. Bh3 Kf4 59. Kf1 e4
60. fxe4 fxe4 61. Ke2 e3 62. Bg2 Kg3 63. Bc6 h4 64. Kf1 h3 65. Bb7 Bc1 66. Bc6
Bb2 67. Bb7 Bf6 68. Bc6 Kh2 69. Bf3 Bg5 70. Be2 Kg3 71. Ba6 e2+ 72. Kxe2 Kg2
73. Bc8 h2 74. Kd3 h1=Q 75. Bb7+ Kg1 76. Bxh1 Kxh1 77. Kc2 Be7 78. a3 bxa3 79.
b4 Bxb4 0-1

[Event "Kandidatklassen 2003"]
[Site "Horsens"]
[Date "2003.04.16"]
[Round "2"]
[White "Pedersen, Daniel Vesterbaek"]
[Black "Boe, Mads"]
[Result "1/2-1/2"]
[WhiteElo "2357"]
[BlackElo "2382"]
[PlyCount "64"]
[EventDate "2003.??.??"]

1. e4 g6 2. d4 c6 3. Nc3 Bg7 4. Nf3 d5 5. h3 dxe4 6. Nxe4 Nf6 7. Nxf6+ Bxf6 8.
Bh6 Na6 9. Bc4 Nc7 10. Ng5 Bxg5 11. Bxg5 Be6 12. Be2 Qd7 13. c4 O-O 14. Qd2 f6
15. Be3 Bf7 16. O-O Rfd8 17. Rad1 Ne6 18. f4 Ng7 19. Qc3 Nf5 20. Bf2 Qc7 21. g4
Nd6 22. Bd3 Rd7 23. Bg3 Qd8 24. Rfe1 Ne8 25. Bf2 Qc7 26. f5 Rad8 27. b3 Ng7 28.
fxg6 Bxg6 29. Rf1 e5 30. Rd2 Ne6 31. Rfd1 exd4 32. Bxd4 Nxd4 1/2-1/2

[Event "Kandidatklassen 2003"]
[Site "Horsens"]
[Date "2003.04.16"]
[Round "2"]
[White "Rasmussen, Casper Dahl"]
[Black "Rasmussen, Allan Stig"]
[Result "1/2-1/2"]
[WhiteElo "2318"]
[BlackElo "2356"]
[PlyCount "150"]
[EventDate "2003.??.??"]

1. d4 f5 2. g3 Nf6 3. Bg2 e6 4. Nf3 Be7 5. O-O O-O 6. c4 d6 7. Nc3 Qe8 8. Re1
Qg6 9. e4 fxe4 10. Nxe4 Nxe4 11. Rxe4 Nc6 12. Qe2 Bf6 13. Bd2 e5 14. dxe5 Nxe5
15. Nxe5 Bxe5 16. Bc3 Bxc3 17. bxc3 c6 18. Re1 Bd7 19. h4 Rae8 20. Qd2 Rxe4 21.
Rxe4 Bf5 22. Re7 Rf7 23. Re8+ Rf8 24. Re7 Rf7 25. Qe3 a5 26. Re8+ Rf8 27. Rxf8+
Kxf8 28. Qb6 Qe6 29. Qxa5 Qe1+ 30. Kh2 Qxf2 31. Qa8+ Ke7 32. Qxb7+ Bd7 33. Qb1
Bf5 34. Qf1 Qxf1 35. Bxf1 Kd8 36. Kg2 Kc7 37. Kf3 Kb6 38. Ke3 Be6 39. Kd4 c5+
40. Kd3 Bf5+ 41. Kd2 h6 42. Kc1 Ka5 43. Kb2 Be6 44. Be2 Bf7 45. Kb3 Bg6 46. g4
Be4 47. g5 Bf5 48. Bf3 Bd3 49. Bd5 Be2 50. Bf7 Bd3 51. Bd5 Be2 52. Be6 Bd3 53.
Bf7 Bf1 54. Be8 Be2 55. Bg6 Bf1 56. Bc2 Be2 57. a3 Bf1 58. Bb1 Be2 59. Ba2 Bd1+
60. Kb2 Ka4 61. Bb1 Bb3 62. Bd3 Bd1 63. Be4 Ka5 64. Bd3 Ka4 65. Bg6 Ka5 66. Kc1
Be2 67. Bf7 Ka4 68. Kb2 Ka5 69. Be6 Ka4 70. Bd7+ Ka5 71. Kc2 Bxc4 72. Kd2 hxg5
73. hxg5 Bb5 74. Bxb5 Kxb5 75. Kc2 Ka4 1/2-1/2

[Event "Kandidatklassen 2003"]
[Site "Horsens"]
[Date "2003.04.16"]
[Round "2"]
[White "Borbjerggaard, Lars"]
[Black "Aabling Thomsen, Jakob"]
[Result "1-0"]
[WhiteElo "2407"]
[BlackElo "2122"]
[PlyCount "81"]
[EventDate "2003.??.??"]

1. d4 Nf6 2. Nf3 e6 3. Bf4 c5 4. e3 Qb6 5. Qc1 Nc6 6. c3 Be7 7. Nbd2 O-O 8. h3
d6 9. Bd3 Qc7 10. dxc5 e5 11. Bg3 dxc5 12. Nc4 Bd6 13. Qd2 Rd8 14. O-O-O Ne8
15. Qc2 g6 16. Nxd6 Qxd6 17. Bc4 Qc7 18. Nxe5 Nxe5 19. Qe4 Bf5 20. Qxe5 Qc6 21.
Qe7 Qf6 22. Qxf6 Nxf6 23. Bh4 Kg7 24. f3 h6 25. e4 g5 26. Bg3 Be6 27. Bxe6 fxe6
28. Bc7 Rdc8 29. Be5 Rd8 30. Rxd8 Rxd8 31. Rd1 Rxd1+ 32. Kxd1 Kg6 33. Bxf6 Kxf6
34. Ke2 b5 35. Ke3 a5 36. g3 e5 37. f4 a4 38. b3 axb3 39. axb3 Ke6 40. b4 exf4+
41. gxf4 1-0

[Event "Kandidatklassen 2003"]
[Site "Horsens"]
[Date "2003.04.16"]
[Round "2"]
[White "Pedersen, Jan"]
[Black "Skjoldborg, Jesper"]
[Result "1/2-1/2"]
[WhiteElo "2417"]
[BlackElo "2253"]
[PlyCount "20"]
[EventDate "2003.??.??"]

1. e4 e5 2. Nc3 Nf6 3. g3 d5 4. exd5 Nxd5 5. Bg2 Be6 6. Nf3 Nc6 7. O-O Nxc3 8.
bxc3 Qd7 9. Re1 f6 10. Rb1 O-O-O 1/2-1/2

[Event "Kandidatklassen 2003"]
[Site "Horsens"]
[Date "2003.04.16"]
[Round "2"]
[White "Pedersen, Christian Kyndel"]
[Black "Holst, Allan"]
[Result "1-0"]
[WhiteElo "2249"]
[BlackElo "2348"]
[PlyCount "67"]
[EventDate "2003.??.??"]

1. d4 Nf6 2. c4 d6 3. Nc3 e5 4. Nf3 Nbd7 5. g3 Be7 6. Bg2 O-O 7. O-O c6 8. b3
Re8 9. d5 Rb8 10. Ne1 Qc7 11. Nd3 a6 12. Bd2 Bf8 13. e4 cxd5 14. Nxd5 Nxd5 15.
cxd5 Nf6 16. Rc1 Qe7 17. Nb2 Bd7 18. Nc4 Bb5 19. a4 Bxc4 20. Rxc4 Rec8 21. Qc2
Rxc4 22. Qxc4 b5 23. Qc6 Qb7 24. a5 Qa8 25. Rc1 Rb7 26. Be3 Ne8 27. Bb6 g6 28.
Bh3 Ng7 29. Bc8 Rb8 30. Qxa8 Rxa8 31. Bb7 Rb8 32. Bxa6 f5 33. Rc8 Rxc8 34. Bxc8
1-0

[Event "Kandidatklassen 2003"]
[Site "Horsens"]
[Date "2003.04.17"]
[Round "3"]
[White "Skjoldborg, Jesper"]
[Black "Borbjerggaard, Lars"]
[Result "1/2-1/2"]
[WhiteElo "2253"]
[BlackElo "2407"]
[PlyCount "33"]
[EventDate "2003.??.??"]

1. e4 c6 2. d4 d5 3. exd5 cxd5 4. c4 Nf6 5. Nc3 e6 6. Nf3 Be7 7. cxd5 Nxd5 8.
Bd3 O-O 9. O-O Nc6 10. Re1 Nxc3 11. bxc3 b6 12. Qe2 Bb7 13. Qe4 g6 14. Qg4 e5
15. Nxe5 Nxe5 16. Rxe5 Bd6 17. Rh5 1/2-1/2

[Event "Kandidatklassen 2003"]
[Site "Horsens"]
[Date "2003.04.17"]
[Round "3"]
[White "Pedersen, Erik"]
[Black "Pedersen, Jan"]
[Result "1-0"]
[WhiteElo "2400"]
[BlackElo "2417"]
[PlyCount "53"]
[EventDate "2003.??.??"]

1. d4 g6 2. Nf3 Bg7 3. e4 d6 4. Nc3 Nf6 5. Be3 O-O 6. Qd2 c6 7. Bd3 Nbd7 8. h3
e5 9. O-O b5 10. dxe5 dxe5 11. a4 b4 12. Ne2 a5 13. Ng3 Qc7 14. c3 Rb8 15. Rac1
Rd8 16. cxb4 Rxb4 17. Qc2 Qb7 18. Qxc6 Qxc6 19. Rxc6 Bb7 20. Rc7 Ne8 21. Rcc1
Rxb2 22. Bb5 Bf8 23. Rfd1 Nd6 24. Bxd7 Rxd7 25. Nxe5 Re7 26. Rxd6 Rxe5 27. Rd8
1-0

[Event "Kandidatklassen 2003"]
[Site "Horsens"]
[Date "2003.04.17"]
[Round "3"]
[White "Moller, Morten Kock"]
[Black "Holst, Allan"]
[Result "0-1"]
[WhiteElo "2035"]
[BlackElo "2348"]
[PlyCount "94"]
[EventDate "2003.??.??"]

1. e4 d5 2. exd5 Nf6 3. Bb5+ Nbd7 4. d4 Nxd5 5. Nf3 c6 6. Be2 g6 7. O-O Bg7 8.
c4 Nc7 9. Nc3 O-O 10. h3 c5 11. d5 e5 12. dxe6 Nxe6 13. Nd5 Nb6 14. a4 Bd7 15.
a5 Nc8 16. Qb3 Bc6 17. Rd1 Qe8 18. Bh6 f6 19. Bxg7 Kxg7 20. Re1 Qf7 21. Bf1 Nd6
22. Qc3 Rae8 23. Rad1 Nf5 24. Rxe6 Qxe6 25. Nc7 Qc8 26. Nxe8+ Rxe8 27. Re1 Rxe1
28. Nxe1 Qd8 29. Bd3 Nd4 30. b4 cxb4 31. Qxb4 Ne6 32. Qc3 Qd6 33. Bf1 Nc5 34.
Qe3 Be4 35. Nf3 Bxf3 36. Qxf3 Qd4 37. Qe3 Qxe3 38. fxe3 a6 39. Kf2 Nb3 40. Kf3
Kf7 41. Kf4 Ke6 42. h4 Nxa5 43. g4 Nb3 44. Bg2 Nc5 45. Bd5+ Ke7 46. g5 a5 47.
Bg8 a4 0-1

[Event "Kandidatklassen 2003"]
[Site "Horsens"]
[Date "2003.04.17"]
[Round "3"]
[White "Christensen, Bo Garner"]
[Black "Pedersen, Christian Kyndel"]
[Result "1-0"]
[WhiteElo "2284"]
[BlackElo "2249"]
[PlyCount "45"]
[EventDate "2003.??.??"]

1. e4 c5 2. Nf3 d6 3. d4 cxd4 4. Qxd4 Nc6 5. Bb5 Bd7 6. Bxc6 Bxc6 7. Nc3 Nf6 8.
Bg5 e6 9. O-O-O Be7 10. Rhe1 Qa5 11. Kb1 Qc5 12. Qd2 Rd8 13. h3 O-O 14. Be3 Qc4
15. b3 Qa6 16. Bg5 b5 17. Nd4 b4 18. Nd5 exd5 19. Nf5 Rd7 20. Qxb4 Bd8 21. e5
dxe5 22. Rxe5 Ne4 23. Nh6+ 1-0

[Event "Kandidatklassen 2003"]
[Site "Horsens"]
[Date "2003.04.17"]
[Round "3"]
[White "Pedersen, Daniel Vesterbaek"]
[Black "Rasmussen, Casper Dahl"]
[Result "1-0"]
[WhiteElo "2357"]
[BlackElo "2318"]
[PlyCount "81"]
[EventDate "2003.??.??"]

1. e4 c5 2. c3 d5 3. exd5 Qxd5 4. d4 Nf6 5. dxc5 Qxc5 6. Na3 Bd7 7. Nf3 e6 8.
Be3 Qc7 9. Nb5 Bxb5 10. Bxb5+ Nbd7 11. Qa4 a6 12. Bf4 Bd6 13. Bxd6 Qxd6 14. Rd1
Qc7 15. O-O Rd8 16. Bxd7+ Rxd7 17. Qb4 Kd8 18. h3 Kc8 19. Rxd7 Kxd7 20. Rd1+
Kc8 21. Ng5 Nd5 22. Qd4 Nf6 23. Qa7 Rf8 24. Rd4 Nd7 25. Ne4 Qb6 26. Nd6+ Kc7
27. Ne8+ Kc8 28. Qa8+ Nb8 29. Rb4 Qxb4 30. cxb4 Rxe8 31. Qa7 Nc6 32. Qa8+ Nb8
33. Qa7 Nc6 34. Qc5 e5 35. a4 Kb8 36. Qd6+ Ka8 37. b5 Nb8 38. Qc7 Re6 39. Qxf7
Rg6 40. Qe7 Ka7 41. Qxe5 1-0

[Event "Kandidatklassen 2003"]
[Site "Horsens"]
[Date "2003.04.17"]
[Round "3"]
[White "Glud, Jakob Vang"]
[Black "Nielsen, Anders Bodholt"]
[Result "0-1"]
[WhiteElo "2176"]
[BlackElo "2144"]
[PlyCount "90"]
[EventDate "2003.??.??"]

1. e4 c5 2. Nf3 e6 3. d4 cxd4 4. Nxd4 Nf6 5. Nc3 Nc6 6. Ndb5 d6 7. Bf4 e5 8.
Bg5 a6 9. Na3 b5 10. Bxf6 gxf6 11. Nd5 Bg7 12. c3 f5 13. exf5 Bxf5 14. Nc2 O-O
15. Nce3 Be6 16. Bd3 f5 17. O-O Ra7 18. f4 e4 19. Bc2 Kh8 20. a4 Qb8 21. Qd2 b4
22. cxb4 Rb7 23. g4 Nxb4 24. gxf5 Bxd5 25. Nxd5 Nxc2 26. Qxc2 Rxb2 27. Qxe4 Re8
28. Qf3 Ree2 29. f6 Qa7+ 30. Ne3 Bxf6 31. Rae1 Rxh2 32. Qg4 Qg7 33. Qxg7+ Kxg7
34. Rd1 Rhd2 35. Kh1 d5 36. Rg1+ Kf7 37. Rxd2 Rxd2 38. Rb1 d4 39. Rb7+ Kg6 40.
Nd5 Bd8 41. Rd7 Bh4 42. Rd6+ Kf5 43. Rxa6 Ke4 44. Nf6+ Kf3 45. Nh5 Bg3 0-1

[Event "Kandidatklassen 2003"]
[Site "Horsens"]
[Date "2003.04.17"]
[Round "3"]
[White "Bindzus, Niels"]
[Black "Skjoldager, Per"]
[Result "1/2-1/2"]
[WhiteElo "2013"]
[BlackElo "2213"]
[PlyCount "98"]
[EventDate "2003.??.??"]

1. e4 c6 2. d4 d5 3. exd5 cxd5 4. c4 Nf6 5. Nc3 g6 6. Qb3 Bg7 7. cxd5 O-O 8.
Nge2 Nbd7 9. g3 Nb6 10. Bg2 Qd7 11. a4 Rd8 12. Nf4 Qc7 13. O-O Qc4 14. Qxc4
Nxc4 15. Re1 Kf8 16. b3 Nd6 17. Ba3 Nfe8 18. Nb5 Bf6 19. Nxd6 Nxd6 20. Bb2 Bf5
21. Rac1 Rac8 22. h4 h6 23. Bf3 Rc2 24. Rxc2 Bxc2 25. Bd1 Rc8 26. Ba1 Nf5 27.
Bxc2 Rxc2 28. Rd1 Nd6 29. Re1 Ne4 30. Rxe4 Rc1+ 31. Kg2 Rxa1 32. Nd3 Rd1 33.
Ne5 Bxe5 34. dxe5 Rxd5 35. Rc4 Ke8 36. Rc7 Rd7 37. Rc8+ Rd8 38. Rc7 Rb8 39. Kf3
Kd8 40. Rc5 Kd7 41. Ke4 b6 42. Rc4 b5 43. axb5 Rxb5 44. b4 Rb6 45. Kd5 Rb5+ 46.
Ke4 a5 47. bxa5 Rxa5 48. Rb4 Ra6 49. g4 Ra2 1/2-1/2

[Event "Kandidatklassen 2003"]
[Site "Horsens"]
[Date "2003.04.17"]
[Round "3"]
[White "Boe, Mads"]
[Black "Rasmussen, Allan Stig"]
[Result "1/2-1/2"]
[WhiteElo "2382"]
[BlackElo "2356"]
[PlyCount "25"]
[EventDate "2003.??.??"]

1. d4 d5 2. Nf3 Nf6 3. c4 dxc4 4. e3 e6 5. Bxc4 a6 6. O-O c5 7. dxc5 Qxd1 8.
Rxd1 Bxc5 9. a3 Ke7 10. b4 Bd6 11. Bb2 b5 12. Be2 Bb7 13. Nbd2 1/2-1/2

[Event "Kandidatklassen 2003"]
[Site "Horsens"]
[Date "2003.04.17"]
[Round "3"]
[White "Aabling Thomsen, Jakob"]
[Black "Leimand, Peter Martin"]
[Result "0-1"]
[WhiteElo "2122"]
[BlackElo "2029"]
[PlyCount "82"]
[EventDate "2003.??.??"]

1. e4 e6 2. d4 d5 3. Nc3 Bb4 4. e5 c5 5. a3 Bxc3+ 6. bxc3 Ne7 7. Qg4 O-O 8. Bd3
f5 9. Qg3 Qa5 10. Bd2 Qa4 11. Nf3 c4 12. Be2 Qxc2 13. O-O f4 14. Qg5 Nbc6 15.
h4 Qf5 16. h5 Bd7 17. Qh4 g6 18. hxg6 Nxg6 19. Qh6 Qf7 20. Nh2 Nce7 21. Ng4 Kh8
22. Bd1 Ng8 23. Qh2 Qf5 24. Ra2 Kg7 25. Rb2 b6 26. f3 h5 27. Bc2 Qg5 28. Nf2
N8e7 29. Nh3 Qg3 30. Qh1 Nh4 31. Be1 Nxf3+ 32. Rxf3 Qxe1+ 33. Rf1 Qxc3 34. Ra2
Qxd4+ 35. Rf2 Qxe5 36. Bd1 Nf5 37. Rae2 Qa1 38. Re1 Ng3 39. Qh2 e5 40. Ng5 Qc3
41. Nf3 e4 0-1

[Event "Kandidatklassen 2003"]
[Site "Horsens"]
[Date "2003.04.18"]
[Round "4"]
[White "Skjoldager, Per"]
[Black "Leimand, Peter Martin"]
[Result "0-1"]
[WhiteElo "2213"]
[BlackElo "2029"]
[PlyCount "60"]
[EventDate "2003.??.??"]

1. e4 e6 2. d4 d5 3. Nd2 Nf6 4. e5 Nfd7 5. f4 c5 6. Ngf3 Nc6 7. Bd3 Qb6 8. O-O
c4 9. Be2 Nxd4 10. Kh1 Nf5 11. Nb1 h5 12. Ng5 Nc5 13. Rf3 Be7 14. Nh3 Bd7 15.
Nd2 f6 16. b3 g5 17. fxg5 fxg5 18. bxc4 g4 19. Rxf5 exf5 20. cxd5 gxh3 21.
Bxh5+ Kd8 22. Nc4 Qb4 23. Be2 Qc3 24. d6 hxg2+ 25. Kg1 Bh4 26. Be3 Ne4 27. Rb1
Bc6 28. Rb3 Bg3 29. Bg5+ Nxg5 30. Rxc3 Nh3# 0-1